Catálogo público

Diagnóstico integral de la ganadería bovina en el trópico mexicano / (Record no. 164270)

MARC details
000 -CABECERA
campo de control de longitud fija 01172nam a2200289Ia 4500
001 - NÚMERO DE CONTROL
campo de control Z_1185
008 - DATOS DE LONGITUD FIJA--INFORMACIÓN GENERAL
campo de control de longitud fija 220113s9999 xx 000 0 und d
010 ## - NÚMERO DE CONTROL DE LA BIBLIOTECA DEL CONGRESO
Número de control de LC 164270
082 ## - NÚMERO DE LA CLASIFICACIÓN DECIMAL DEWEY
Número de clasificación 636.080913 U3
100 ## - ENTRADA PRINCIPAL--NOMBRE DE PERSONA
Nombre de persona UACH. Subdirección de Investigación. Coordinación de Servicios
9 (RLIN) 138382
245 ## - MENCIÓN DE TÍTULO
Título Diagnóstico integral de la ganadería bovina en el trópico mexicano /
Mención de responsabilidad, etc.
260 ## - PUBLICACIÓN, DISTRIBUCIÓN, ETC.
Lugar de publicación, distribución, etc.
300 ## - DESCRIPCIÓN FÍSICA
Extensión
440 ## - MENCIÓN DE SERIE/PUNTO DE ACCESO ADICIONAL--TÍTULO
Título
500 ## - NOTA GENERAL
Nota general de Yucatán: resúmen -- v.4 La ganadería bovina en la región de Veracruz - Centro -- v.5 La ganadería bovina en la Cuenca del Papaloapan -- v.6 Delimitación preliminar de regiones ganaderas en el trópico mexicano -- v.7 Reporte de actividades realizadas
503 ## - NOTA DE HISTORIA BIBLIOGRÁFICA (BK CF MU) [OBSOLETO]
Nota de historia bibliográfica
650 ## - PUNTO DE ACCESO ADICIONAL DE MATERIA--TÉRMINO DE MATERIA
Término de materia o nombre geográfico como elemento de entrada
Subdivisión general Producción
9 (RLIN) 138383
650 ## - PUNTO DE ACCESO ADICIONAL DE MATERIA--TÉRMINO DE MATERIA
Término de materia o nombre geográfico como elemento de entrada Ganado vacuno
Subdivisión general Mercadeo 1
9 (RLIN) 138384
650 ## - PUNTO DE ACCESO ADICIONAL DE MATERIA--TÉRMINO DE MATERIA
Término de materia o nombre geográfico como elemento de entrada Ganado vacuno
Subdivisión general Oaxaca I. Programa de Desarrollo Integral de la Ganadería Bovina en el Trópico Mexicano II. t.
9 (RLIN) 138385
650 ## - PUNTO DE ACCESO ADICIONAL DE MATERIA--TÉRMINO DE MATERIA
Término de materia o nombre geográfico como elemento de entrada Ganado vacuno
Subdivisión general Tabasco 1
9 (RLIN) 138386
650 ## - PUNTO DE ACCESO ADICIONAL DE MATERIA--TÉRMINO DE MATERIA
Término de materia o nombre geográfico como elemento de entrada Ganado vacuno
Subdivisión general Trópicos 1 Ganado vacuno
-- Mejoramiento 1
9 (RLIN) 138387
901 ## - ELEMENTOS DE DATOS A LOCAL LDA (RLIN)
a 636.080913 U3
902 ## - ELEMENTOS DE DATOS B LOCAL, LDB (RLIN)
a A
910 ## - DATOS DE OPCIÓN DEL USUARIO (OCLC)
Datos de opción del usuario
942 ## - ELEMENTOS DE PUNTO DE ACCESO ADICIONAL (KOHA)
Tipo de ítem Koha

No items available.